Pedro de Luna (Record no. 172442)
[ view plain ]
| 000 -LEADER | |
|---|---|
| campo de control de longitud fija | 00688nam a2200205 i 4500 |
| 001 - NÚMERO DE CONTROL | |
| campo de control | 172442 |
| 003 - IDENTIFICADOR DE NÚMERO DE CONTROL | |
| campo de control | ES-MaACL |
| 005 - FECHA Y HORA DE LA ÚLTIMA TRANSACCIÓN | |
| campo de control | 20251013193121.0 |
| 008 - DATOS DE LONGITUD FIJA--INFORMACIÓN GENERAL | |
| campo de control de longitud fija | 090707s1971 sp |||| | spa d |
| 017 ## - NÚMERO DE COPYRIGHT O DE DEPÓSITO LEGAL | |
| Número de copyright o de depósito legal | M 24767-1971 |
| 080 ## - NÚMERO DE LA CLASIFICACIÓN DECIMAL UNIVERSAL | |
| Número de la Clasificación Decimal Universal | 929 Benedicto XIII, Antipapa |
| 100 0# - ENTRADA PRINCIPAL--NOMBRE DE PERSONA | |
| Nombre de persona | Gascón de Gotor, Anselmo. |
| 9 (RLIN) | 55860 |
| 245 10 - MENCIÓN DEL TÍTULO | |
| Título | Pedro de Luna |
| Resto del título | : "el pontífice que no cedió" / |
| Mención de responsabilidad, etc. | A. Gascón de Gotor. |
| 250 ## - MENCION DE EDICION | |
| Mención de edición | 2ª ed. |
| 260 ## - PUBLICACIÓN, DISTRIBUCIÓN, ETC. | |
| Lugar de publicación, distribución, etc. | Madrid : |
| Nombre del editor, distribuidor, etc. | Biblioteca Nueva, |
| Fecha de publicación, distribución, etc. | 1971. |
| 300 ## - DESCRIPCIÓN FÍSICA | |
| Extensión | 324 p. ; |
| Dimensiones | 25 cm. |
| 600 04 - PUNTO DE ACCESO ADICIONAL DE MATERIA--NOMBRE DE PERSONA | |
| Nombre de persona | Benedicto |
| Numeración | XIII, |
| Títulos y otros términos asociados al nombre | Antipapa- |
| Subdivisión general | Biografías |
| 9 (RLIN) | 27505 |
| 852 ## - LOCALIZACIÓN | |
| Ubicación | ES-MaACL |
| Número de control de estantería | E-12757 |
| itemnumber | R.138410 |
| Nota libre | .- Biblioteca Jacinto Martínez Lacalle |
| Estatus retirado | Estado de pérdida | Estado de daño | No para préstamo | Biblioteca de origen | Biblioteca actual | Ubicación en estantería | Fecha de adquisición | Fuente de adquisición | Total de préstamos | Signatura topográfica completa | Código de barras | Visto por última vez | Precio de reemplazo | Tipo de ítem Koha |
|---|---|---|---|---|---|---|---|---|---|---|---|---|---|---|
| Biblioteca del Ateneo de Madrid | Biblioteca del Ateneo de Madrid | Depósito 2 | 07/07/2009 | E-12757 | 1180965 | 23/02/2023 | 23/02/2023 | Libro impreso |
